BIBLIOTECA

SENCICO

Pasión por el futuro : (Registro nro. 138)

Detalles MARC
000 -LEADER
fixed length control field 01235nam a2200277Ia 4500
003 - CONTROL NUMBER IDENTIFIER
control field PE SENCICO BE
005 - DATE AND TIME OF LATEST TRANSACTION
control field 20251020182427.0
008 - FIXED-LENGTH DATA ELEMENTS--GENERAL INFORMATION
fixed length control field 200515s9999 xx 000 0 und d
020 ## - INTERNATIONAL STANDARD BOOK NUMBER
International Standard Book Number 970-10-4202-6
040 ## - CATALOGING SOURCE
Original cataloging agency PE SENCICO BE
Transcribing agency PE SENCICO BE
041 ## - LANGUAGE CODE
Language code of text/sound track or separate title spa
082 ## - DEWEY DECIMAL CLASSIFICATION NUMBER
Classification number 174.4
Item number S55
100 1# - MAIN ENTRY--PERSONAL NAME
Personal name Siliceo Aguilar, Alfonso
9 (RLIN) 2302
Relator term autor
245 10 - TITLE STATEMENT
Title Pasión por el futuro :
Remainder of title nueva planeación estratégica fundada en valores /
Statement of responsibility, etc. Alfonso Siliceo Aguilar, José Luis Gonzáles Martínez
250 ## - EDITION STATEMENT
Edition statement 1a ed.
260 ## - PUBLICATION, DISTRIBUTION, ETC.
Place of publication, distribution, etc. México, D.F. :
Name of publisher, distributor, etc. McGraw-Hill Interamericana ;
Date of publication, distribution, etc. 2004
300 ## - PHYSICAL DESCRIPTION
Extent 155 p. :
Other physical details tbl., graf. ;
Dimensions 23 cm.
505 0# - FORMATTED CONTENTS NOTE
Formatted contents note Una nueva coyuntura ética: septiembre de 2001 -- Trascender o morir : una nueva visión para las empresas y las organizaciones -- Hacia una nueva planeación estratégica -- Liderazgo para una nueva planeación estratégica -- La ética como inversión a futuro : las exigencias del entorno
650 10 - SUBJECT ADDED ENTRY--TOPICAL TERM
Topical term or geographic name entry element Ética en los negocios
9 (RLIN) 1339
650 20 - SUBJECT ADDED ENTRY--TOPICAL TERM
Topical term or geographic name entry element Planificación estratégica
9 (RLIN) 731
650 20 - SUBJECT ADDED ENTRY--TOPICAL TERM
Topical term or geographic name entry element Ética profesional
9 (RLIN) 2303
650 20 - SUBJECT ADDED ENTRY--TOPICAL TERM
Topical term or geographic name entry element Liderazgo
9 (RLIN) 931
650 20 - SUBJECT ADDED ENTRY--TOPICAL TERM
Topical term or geographic name entry element Cultura organizacional
9 (RLIN) 1395
700 1# - ADDED ENTRY--PERSONAL NAME
9 (RLIN) 2304
Personal name González Martínez, José Luis
Relator term autor
942 ## - ADDED ENTRY ELEMENTS (KOHA)
Koha item type Libros
Source of classification or shelving scheme Dewey Decimal Classification
Existencias
Fecha de la última vez que lo usaron Número de ingreso o de inventario Pago total Signatura topográfica completa Código de barras Precio efectivo desde Tipo de documento Estado perdido Sistema de clasificación Estado dañado No es para préstamo Retirado Ubicación permanente Ubicación actual Fecha de adquisición
15/05/2020 15525   174.4/S55 BibLima24060036 15/05/2020 Libros   Dewey Decimal Classification       Biblioteca Central Lima Biblioteca Central Lima 15/05/2020